000
00226 a2200085 4500
020
_a
978-0804841191
100
_a
Peter Engel
245
_a
Origami Odyssey: A Journey to the Edge of Paperfolding
260
_b
Tuttle Publishing
_c
2011
999
_c
13219
_d
13219